| Tag |
First Indicator |
Second Indicator |
Subfields |
| LEADER |
00000cam a2200000 a 4500 |
| 001 |
in00005748021 |
| 005 |
20260326185819.5 |
| 006 |
m o d |
| 007 |
cr cnu---unuuu |
| 008 |
110718s2011 enka ob 000 0 eng d |
| 040 |
|
|
|a N$T
|b eng
|e pn
|c N$T
|d E7B
|d YDXCP
|d OCLCQ
|d DEBSZ
|d OCLCQ
|d CDX
|d IDEBK
|d OPELS
|d UKMGB
|d OCLCF
|d COO
|d OCLCQ
|d OCL
|d OCLCQ
|d U3W
|d WYU
|d LEAUB
|d OL$
|d NJT
|d OCLCO
|d OCLCQ
|d OCL
|d LUU
|d OCLCO
|d OCLCQ
|d OCLCO
|d OCLCL
|d SXB
|d OCLCQ
|d OCLCL
|
| 016 |
7 |
|
|a 015813075
|2 Uk
|
| 019 |
|
|
|a 741453518
|a 741558662
|a 816844441
|a 823129532
|a 823851626
|a 823922112
|a 824103629
|
| 020 |
|
|
|a 9780123877796
|q (electronic bk.)
|
| 020 |
|
|
|a 0123877792
|q (electronic bk.)
|
| 020 |
|
|
|a 9780123877802
|q (electronic bk.)
|
| 020 |
|
|
|a 0123877806
|q (electronic bk.)
|
| 020 |
|
|
|a 1283134055
|
| 020 |
|
|
|a 9781283134057
|
| 024 |
8 |
|
|a 9786613134059
|
| 035 |
|
|
|a (OCoLC)741521171
|z (OCoLC)741453518
|z (OCoLC)741558662
|z (OCoLC)816844441
|z (OCoLC)823129532
|z (OCoLC)823851626
|z (OCoLC)823922112
|z (OCoLC)824103629
|
| 037 |
|
|
|a 313405
|b MIL
|
| 050 |
|
4 |
|a QC175
|b .V43 2011eb
|
| 072 |
|
7 |
|a SCI
|x 041000
|2 bisacsh
|
| 082 |
0 |
4 |
|a 533/.7
|2 23
|
| 049 |
|
|
|a TXAM
|
| 100 |
1 |
|
|a Vedenyapin, Victor.
|
| 245 |
1 |
0 |
|a Kinetic Boltzmann, Vlasov and related equations /
|c Victor Vedenyapin, Alexander Sinitsyn, Eugene Dulov.
|
| 260 |
|
|
|a London :
|b Elsevier Science Ltd.,
|c 2011.
|
| 300 |
|
|
|a 1 online resource (xv, 304 pages) :
|b illustrations
|
| 336 |
|
|
|a text
|b txt
|2 rdacontent
|
| 337 |
|
|
|a computer
|b c
|2 rdamedia
|
| 338 |
|
|
|a online resource
|b cr
|2 rdacarrier
|
| 504 |
|
|
|a Includes bibliographical references.
|
| 588 |
0 |
|
|a Print version record.
|
| 520 |
|
|
|a Boltzmann and Vlasov equations played a great role in the past and still play an important role in modern natural sciences, technique and even philosophy of science. Classical Boltzmann equation derived in 1872 became a cornerstone for the molecular-kinetic theory, the second law of thermodynamics (increasing entropy) and derivation of the basic hydrodynamic equations. After modifications, the fields and numbers of its applications have increased to include diluted gas, radiation, neutral particles transportation, atmosphere optics and nuclear reactor modelling. Vlasov equation was obtained in 1938 and serves as a basis of plasma physics and describes large-scale processes and galaxies in astronomy, star wind theory. This book provides a comprehensive review of both equations and presents both classical and modern applications. In addition, it discusses several open problems of great importance. <ul> <li>Reviews the whole field from the beginning to today</li> <li>Includes practical applications</li> <li>Provides classical and modern (semi-analytical) solutions</li></ul>
|
| 650 |
|
0 |
|a Kinetic theory of gases.
|
| 650 |
|
0 |
|a Evolution equations.
|
| 650 |
|
6 |
|a Théorie cinétique des gaz.
|
| 650 |
|
6 |
|a Équations d'évolution.
|
| 650 |
|
7 |
|a SCIENCE
|x Mechanics
|x General.
|2 bisacsh
|
| 650 |
|
7 |
|a Evolution equations
|2 fast
|
| 650 |
|
7 |
|a Kinetic theory of gases
|2 fast
|
| 655 |
|
7 |
|a Electronic books.
|2 local
|
| 700 |
1 |
|
|a Sinitsyn, Alexander.
|
| 700 |
1 |
|
|a Dulov, Eugene.
|
| 710 |
2 |
|
|a ScienceDirect (Online service)
|
| 758 |
|
|
|i has work:
|a Kinetic Boltzmann, Vlasov and related equations (Text)
|1 https://id.oclc.org/worldcat/entity/E39PCGrHbjXd3Qc8yBmF7RBqw3
|4 https://id.oclc.org/worldcat/ontology/hasWork
|
| 776 |
0 |
8 |
|i Print version:
|t Boltzmann and Vlasov Equations.
|d Elsevier Science Ltd 2011
|z 9780123877796
|w (OCoLC)704388494
|
| 856 |
4 |
0 |
|u http://proxy.library.tamu.edu/login?url=https://www.sciencedirect.com/science/book/9780123877796
|z Connect to the full text of this electronic book
|t 0
|
| 955 |
|
|
|a Elsevier ScienceDirect 2026-2027
|
| 994 |
|
|
|a 92
|b TXA
|
| 999 |
f |
f |
|i 7bbf7b5b-88d0-4a53-b4e0-8a68c8864cc2
|s 24cf2d95-9314-4568-80d8-38720eb1b119
|t 0
|
| 952 |
f |
f |
|a Texas A&M University
|b College Station
|c Electronic Resources
|s www_evans
|d Available Online
|t 0
|e QC175 .V43 2011eb
|h Library of Congress classification
|
| 998 |
f |
f |
|a QC175 .V43 2011eb
|t 0
|l Available Online
|